000 00589nam a22001817a 4500
005 20251108165209.0
008 250721s1990 xx 000 0 ara d
082 1 4 _a910.4/مسع
100 1 _aالكتاني، مسعود مصطفى
245 1 0 _aعلم السياحة و المتنزهات /
264 1 _aالموصل :
_bوزارة التعليم العالي و البحث العلمي - جامعة الموصل،
_c1990.
300 _a748ص
650 1 7 _aالسفر
650 1 7 _aالسياحه
650 1 7 _aالبلدان العربية
942 _2ddc
_cBK
999 _c21890
_d21890